[Event "Masters Tournament (MTO)"]
[Site "Biel, CH"]
[Date "2025.07.18"]
[Round "5"]
[White "Bai, Xue"]
[Black "Sowray, Peter J"]
[Result "1/2-1/2"]
[Board "20"]
[WhiteFideId "8608717"]
[BlackFideId "400971"]
[BlackTitle "FM"]
[WhiteElo "2124"]
[BlackElo "2211"]
[WhiteTeam "CHN"]
[BlackTeam "ENG"]
[WhiteClock "0:26:07"]
[BlackClock "0:17:40"]
[Variant "Standard"]

1. e4 {[%clk 1:40:57]}  d6 {[%clk 1:40:52]} 2. d4 {[%clk 1:41:12]}  Nf6 {[%clk 1:41:12]} 3. Nc3 {[%clk 1:41:28]}  g6 {[%clk 1:41:33]} 4. f4 {[%clk 1:41:26]}  Bg7 {[%clk 1:40:21]} 5. Nf3 {[%clk 1:40:26]}  O-O {[%clk 1:42:14]} 6. Be2 {[%clk 1:39:47]}  c5 {[%clk 1:32:25]} 7. dxc5 {[%clk 1:31:22]}  Qa5 {[%clk 1:41:36]} 8. Bd3 {[%clk 1:28:09]}  Qxc5 {[%clk 1:39:25]} 9. Qe2 {[%clk 1:28:58]}  Nc6 {[%clk 1:34:25]} 10. Nb5 {[%clk 1:16:25]}  Nb4 {[%clk 1:24:06]} 11. Nbd4 {[%clk 1:10:22]}  Bg4 {[%clk 1:10:39]} 12. Nb3 {[%clk 0:59:53]}  Qc7 {[%clk 1:11:26]} 13. c3 {[%clk 0:55:47]}  Nxd3+ {[%clk 1:08:53]} 14. Qxd3 {[%clk 0:56:14]}  Qc6 {[%clk 0:58:57]} 15. Nbd2 {[%clk 0:56:20]}  Bxf3 {[%clk 0:59:14]} 16. Qxf3 {[%clk 0:56:12]}  e5 {[%clk 0:59:12]} 17. fxe5 {[%clk 0:54:35]}  dxe5 {[%clk 0:58:54]} 18. O-O {[%clk 0:54:57]}  Rad8 {[%clk 0:57:46]} 19. Re1 {[%clk 0:55:04]}  Rd6 {[%clk 0:55:20]} 20. Qe2 {[%clk 0:52:30]}  Rfd8 {[%clk 0:52:30]} 21. Nf3 {[%clk 0:52:03]}  h6 {[%clk 0:49:17]} 22. c4 {[%clk 0:47:35]}  Nd7 {[%clk 0:45:42]} 23. b4 {[%clk 0:44:28]}  Nf8 {[%clk 0:43:58]} 24. c5 {[%clk 0:40:30]}  Rd3 {[%clk 0:39:18]} 25. Bb2 {[%clk 0:35:20]}  Qa4 {[%clk 0:34:41]} 26. Bxe5 {[%clk 0:32:51]}  Qxb4 {[%clk 0:33:43]} 27. Bxg7 {[%clk 0:32:36]}  Kxg7 {[%clk 0:34:07]} 28. Qf2 {[%clk 0:33:18]}  Rc3 {[%clk 0:32:37]} 29. Rab1 {[%clk 0:33:12]}  Qxc5 {[%clk 0:31:02]} 30. Rxb7 {[%clk 0:31:04]}  Rd7 {[%clk 0:28:20]} 31. Qxc5 {[%clk 0:31:13]}  Rxc5 {[%clk 0:28:48]} 32. Rxd7 {[%clk 0:27:38]}  Nxd7 {[%clk 0:29:16]} 33. Re2 {[%clk 0:26:47]}  Kf6 {[%clk 0:27:06]} 34. Kf2 {[%clk 0:28:20]}  Ne5 {[%clk 0:24:30]} 35. Rd2 {[%clk 0:27:05]}  Nxf3 {[%clk 0:22:11]} 36. gxf3 {[%clk 0:27:11]}  Ra5 {[%clk 0:20:45]} 37. Kg3 {[%clk 0:25:14]}  g5 {[%clk 0:20:51]} 38. h4 {[%clk 0:21:29]}  gxh4+ {[%clk 0:17:56]} 39. Kxh4 {[%clk 0:26:11]}  Ke5 {[%clk 0:17:40]} 40. Kg3 {[%clk 0:26:07]} 1/2-1/2

[Event "Masters Tournament (MTO)"]
[Site "Biel, CH"]
[Date "2025.07.18"]
[Round "5"]
[White "Maria, Lia-Alexandra"]
[Black "Banh Gia Huy"]
[Result "0-1"]
[Board "21"]
[WhiteFideId "1248952"]
[BlackFideId "12424714"]
[WhiteTitle "WFM"]
[BlackTitle "IM"]
[WhiteElo "2120"]
[BlackElo "2445"]
[WhiteTeam "ROU"]
[BlackTeam "VIE"]
[WhiteClock "0:21:44"]
[BlackClock "0:56:32"]
[Variant "Standard"]

1. e4 {[%clk 1:40:56]}  e6 {[%clk 1:40:54]} 2. d4 {[%clk 1:41:22]}  d5 {[%clk 1:41:22]} 3. Nc3 {[%clk 1:41:42]}  Nf6 {[%clk 1:41:47]} 4. Bg5 {[%clk 1:41:54]}  Bb4 {[%clk 1:42:10]} 5. e5 {[%clk 1:42:08]}  h6 {[%clk 1:42:38]} 6. exf6 {[%clk 1:42:20]}  hxg5 {[%clk 1:43:00]} 7. fxg7 {[%clk 1:42:43]}  Rg8 {[%clk 1:43:29]} 8. a3 {[%clk 1:43:04]}  Bd6 {[%clk 1:39:06]} 9. h4 {[%clk 1:38:08]}  gxh4 {[%clk 1:38:43]} 10. Qh5 {[%clk 1:35:57]}  Qf6 {[%clk 1:39:03]} 11. Rxh4 {[%clk 1:35:22]}  Qxg7 {[%clk 1:38:46]} 12. O-O-O {[%clk 1:34:36]}  Nd7 {[%clk 1:37:18]} 13. Nh3 {[%clk 1:21:57]}  Nf6 {[%clk 1:26:53]} 14. Qf3 {[%clk 1:18:41]}  c6 {[%clk 1:23:36]} 15. Be2 {[%clk 1:13:47]}  Bd7 {[%clk 1:22:05]} 16. g4 {[%clk 1:12:31]}  O-O-O {[%clk 1:18:51]} 17. g5 {[%clk 1:02:16]}  Nh7 {[%clk 1:17:04]} 18. Rg1 {[%clk 0:58:52]}  e5 {[%clk 1:16:15]} 19. dxe5 {[%clk 0:57:42]}  Bxe5 {[%clk 1:16:38]} 20. Na4 {[%clk 0:56:02]}  Bd6 {[%clk 1:05:34]} 21. Qb3 {[%clk 0:32:15]}  Nf8 {[%clk 1:03:50]} 22. Nf4 {[%clk 0:29:06]}  Qe5 {[%clk 0:59:47]} 23. Kd2 {[%clk 0:26:57]}  Qd4+ {[%clk 0:57:24]} 24. Ke1 {[%clk 0:21:44]}  Bxf4 {[%clk 0:56:32]} 0-1

[Event "Masters Tournament (MTO)"]
[Site "Biel, CH"]
[Date "2025.07.18"]
[Round "5"]
[White "Lacan Rus, David"]
[Black "Leonov, Leonid"]
[Result "1-0"]
[Board "22"]
[WhiteFideId "651023075"]
[BlackFideId "1698052"]
[WhiteTitle "FM"]
[WhiteElo "2369"]
[BlackElo "2089"]
[WhiteTeam "FRA"]
[BlackTeam "AUT"]
[WhiteClock "0:08:48"]
[BlackClock "0:00:40"]
[Variant "Standard"]

1. e4 {[%clk 1:40:58]}  c5 {[%clk 1:40:30]} 2. Nf3 {[%clk 1:41:18]}  d6 {[%clk 1:40:53]} 3. Bb5+ {[%clk 1:41:40]}  Nd7 {[%clk 1:41:12]} 4. d4 {[%clk 1:41:05]}  cxd4 {[%clk 1:41:34]} 5. Qxd4 {[%clk 1:41:27]}  a6 {[%clk 1:42:00]} 6. Bxd7+ {[%clk 1:41:05]}  Bxd7 {[%clk 1:42:20]} 7. c4 {[%clk 1:40:58]}  Nf6 {[%clk 1:41:49]} 8. O-O {[%clk 1:40:49]}  e6 {[%clk 1:41:51]} 9. Nc3 {[%clk 1:40:24]}  Be7 {[%clk 1:41:23]} 10. a4 {[%clk 1:37:35]}  O-O {[%clk 1:40:43]} 11. a5 {[%clk 1:33:27]}  Rc8 {[%clk 1:37:01]} 12. b3 {[%clk 1:32:05]}  Bc6 {[%clk 1:34:16]} 13. Bb2 {[%clk 1:29:56]}  Qc7 {[%clk 1:29:20]} 14. Rfd1 {[%clk 1:27:37]}  Rfd8 {[%clk 1:27:10]} 15. Qe3 {[%clk 1:23:11]}  h6 {[%clk 1:17:35]} 16. Nd4 {[%clk 1:20:50]}  Be8 {[%clk 1:02:36]} 17. h3 {[%clk 1:19:07]}  Nd7 {[%clk 0:49:16]} 18. f4 {[%clk 1:12:37]}  Bf6 {[%clk 0:46:39]} 19. Kh1 {[%clk 1:07:28]}  Qc5 {[%clk 0:44:38]} 20. Qg3 {[%clk 0:52:08]}  g6 {[%clk 0:40:29]} 21. Nf3 {[%clk 0:40:52]}  Qb4 {[%clk 0:36:21]} 22. e5 {[%clk 0:37:09]}  dxe5 {[%clk 0:36:05]} 23. Ne4 {[%clk 0:37:18]}  Bg7 {[%clk 0:23:40]} 24. Nxe5 {[%clk 0:27:06]}  Nc5 {[%clk 0:18:59]} 25. Rxd8 {[%clk 0:23:48]}  Rxd8 {[%clk 0:18:13]} 26. Qh4 {[%clk 0:23:07]}  Rc8 {[%clk 0:14:19]} 27. Ba3 {[%clk 0:21:51]}  Qxa5 {[%clk 0:13:34]} 28. Nxc5 {[%clk 0:19:51]}  g5 {[%clk 0:07:07]} 29. Qg4 {[%clk 0:17:07]}  f5 {[%clk 0:05:18]} 30. Qd1 {[%clk 0:15:15]}  Rxc5 {[%clk 0:03:23]} 31. b4 {[%clk 0:15:07]}  Qc7 {[%clk 0:03:42]} 32. bxc5 {[%clk 0:14:16]}  gxf4 {[%clk 0:04:04]} 33. Nd3 {[%clk 0:12:40]}  e5 {[%clk 0:04:13]} 34. Nb4 {[%clk 0:12:08]}  e4 {[%clk 0:04:06]} 35. Rb1 {[%clk 0:11:33]}  f3 {[%clk 0:03:53]} 36. Qd6 {[%clk 0:11:51]}  fxg2+ {[%clk 0:03:47]} 37. Kxg2 {[%clk 0:12:14]}  Qa5 {[%clk 0:03:56]} 38. Bc1 {[%clk 0:11:35]}  Bh5 {[%clk 0:03:38]} 39. Qe6+ {[%clk 0:10:37]}  Kh7 {[%clk 0:03:30]} 40. Qe7 {[%clk 0:08:32]}  Bf3+ {[%clk 0:02:50]} 41. Kh2 {[%clk 0:08:34]}  Kg6 {[%clk 0:02:21]} 42. Bf4 {[%clk 0:08:23]}  Qa3 {[%clk 0:01:40]} 43. Rg1+ {[%clk 0:08:31]}  Kh5 {[%clk 0:00:40]} 44. Rg5+ {[%clk 0:08:48]} 1-0

[Event "Masters Tournament (MTO)"]
[Site "Biel, CH"]
[Date "2025.07.18"]
[Round "5"]
[White "Poeck, Ole"]
[Black "Yang, Ray"]
[Result "0-1"]
[Board "23"]
[WhiteFideId "4682742"]
[BlackFideId "3220281"]
[WhiteTitle "FM"]
[BlackTitle "FM"]
[WhiteElo "2304"]
[BlackElo "2081"]
[WhiteTeam "GER"]
[BlackTeam "AUS"]
[WhiteClock "0:52:37"]
[BlackClock "0:08:59"]
[Variant "Standard"]

1. Nf3 {[%clk 1:40:55]}  d5 {[%clk 1:40:49]} 2. g3 {[%clk 1:41:18]}  Bg4 {[%clk 1:41:06]} 3. Bg2 {[%clk 1:41:33]}  Nd7 {[%clk 1:40:54]} 4. h3 {[%clk 1:41:56]}  Bh5 {[%clk 1:40:56]} 5. c4 {[%clk 1:42:16]}  e6 {[%clk 1:40:54]} 6. cxd5 {[%clk 1:42:40]}  exd5 {[%clk 1:41:17]} 7. d4 {[%clk 1:42:59]}  c6 {[%clk 1:41:16]} 8. Nc3 {[%clk 1:43:25]}  Ngf6 {[%clk 1:39:42]} 9. Ne5 {[%clk 1:43:46]}  Nxe5 {[%clk 1:36:38]} 10. dxe5 {[%clk 1:43:41]}  Nd7 {[%clk 1:36:58]} 11. f4 {[%clk 1:44:05]}  Bc5 {[%clk 1:25:21]} 12. Na4 {[%clk 1:43:03]}  Bg6 {[%clk 1:17:59]} 13. Bd2 {[%clk 1:40:54]}  a6 {[%clk 1:14:38]} 14. Rc1 {[%clk 1:34:53]}  Qe7 {[%clk 1:10:24]} 15. Qb3 {[%clk 1:33:15]}  Rb8 {[%clk 1:07:48]} 16. Nxc5 {[%clk 1:20:36]}  Nxc5 {[%clk 1:08:06]} 17. Qa3 {[%clk 1:21:01]}  Be4 {[%clk 1:00:06]} 18. Bf3 {[%clk 1:19:33]}  Nd3+ {[%clk 0:53:42]} 19. exd3 {[%clk 1:19:33]}  Qxa3 {[%clk 0:54:05]} 20. bxa3 {[%clk 1:19:58]}  Bxf3 {[%clk 0:54:29]} 21. Rg1 {[%clk 1:20:12]}  d4 {[%clk 0:53:00]} 22. a4 {[%clk 1:15:49]}  b6 {[%clk 0:51:42]} 23. a3 {[%clk 1:13:36]}  a5 {[%clk 0:47:26]} 24. Kf2 {[%clk 1:11:53]}  Bd5 {[%clk 0:47:44]} 25. Rb1 {[%clk 1:12:19]}  Kd7 {[%clk 0:47:52]} 26. f5 {[%clk 1:12:31]}  c5 {[%clk 0:43:31]} 27. Rb2 {[%clk 1:12:45]}  Rhe8 {[%clk 0:41:13]} 28. Rgb1 {[%clk 1:11:25]}  Rxe5 {[%clk 0:40:46]} 29. g4 {[%clk 1:11:48]}  Ree8 {[%clk 0:27:21]} 30. Bf4 {[%clk 1:11:54]}  Rb7 {[%clk 0:27:09]} 31. Rxb6 {[%clk 1:12:15]}  Rxb6 {[%clk 0:27:34]} 32. Rxb6 {[%clk 1:12:39]}  Bc6 {[%clk 0:27:50]} 33. Ra6 {[%clk 1:12:09]}  Ra8 {[%clk 0:27:43]} 34. Rxa8 {[%clk 1:06:07]}  Bxa8 {[%clk 0:27:35]} 35. Bd2 {[%clk 1:06:35]}  Bc6 {[%clk 0:26:52]} 36. Bxa5 {[%clk 1:07:02]}  Bxa4 {[%clk 0:27:13]} 37. Ke2 {[%clk 1:06:48]}  Kd6 {[%clk 0:25:15]} 38. Be1 {[%clk 1:07:02]}  Bd7 {[%clk 0:24:15]} 39. Bg3+ {[%clk 1:07:18]}  Kd5 {[%clk 0:24:22]} 40. Bb8 {[%clk 1:07:03]}  c4 {[%clk 0:14:29]} 41. dxc4+ {[%clk 1:07:09]}  Kxc4 {[%clk 0:14:52]} 42. Kd2 {[%clk 1:07:05]}  Kd5 {[%clk 0:13:23]} 43. Ba7 {[%clk 1:04:15]}  Ke4 {[%clk 0:12:33]} 44. Bc5 {[%clk 1:02:33]}  Bb5 {[%clk 0:12:15]} 45. Bf8 {[%clk 1:02:52]}  g6 {[%clk 0:09:51]} 46. fxg6 {[%clk 1:02:18]}  fxg6 {[%clk 0:10:14]} 47. g5 {[%clk 1:02:07]}  Kf4 {[%clk 0:09:22]} 48. Be7 {[%clk 1:02:19]}  Kg3 {[%clk 0:09:18]} 49. Bc5 {[%clk 1:02:27]}  d3 {[%clk 0:08:44]} 50. a4 {[%clk 1:02:54]}  Ba6 {[%clk 0:08:14]} 51. a5 {[%clk 1:03:19]}  Kxh3 {[%clk 0:07:58]} 52. Bf8 {[%clk 1:03:38]}  Kg4 {[%clk 0:07:53]} 53. Bh6 {[%clk 1:04:02]}  Kf4 {[%clk 0:07:39]} 54. Kd1 {[%clk 1:03:36]}  Bc4 {[%clk 0:07:09]} 55. Kd2 {[%clk 1:02:46]}  Bb5 {[%clk 0:07:33]} 56. Bf8 {[%clk 0:57:30]}  Kxg5 {[%clk 0:07:56]} 57. Ke3 {[%clk 0:57:58]}  Kf5 {[%clk 0:07:57]} 58. Bh6 {[%clk 0:58:20]}  g5 {[%clk 0:08:01]} 59. Bf8 {[%clk 0:58:25]}  h5 {[%clk 0:08:07]} 60. Bb4 {[%clk 0:58:51]}  h4 {[%clk 0:08:02]} 61. Be1 {[%clk 0:59:17]}  Kg4 {[%clk 0:07:49]} 62. Kf2 {[%clk 0:59:31]}  Kh3 {[%clk 0:08:00]} 63. Bd2 {[%clk 0:53:43]}  g4 {[%clk 0:08:20]} 64. Kg1 {[%clk 0:52:54]}  g3 {[%clk 0:08:39]} 65. Be1 {[%clk 0:52:37]}  Kg4 {[%clk 0:08:59]} 0-1

[Event "Masters Tournament (MTO)"]
[Site "Biel, CH"]
[Date "2025.07.18"]
[Round "5"]
[White "Sanket Chakravarty"]
[Black "Hu, Yu A."]
[Result "1/2-1/2"]
[Board "24"]
[WhiteFideId "25032038"]
[BlackFideId "8609993"]
[WhiteTitle "IM"]
[WhiteElo "2301"]
[BlackElo "2079"]
[WhiteTeam "IND"]
[BlackTeam "CHN"]
[WhiteClock "1:08:42"]
[BlackClock "0:07:52"]
[Variant "Standard"]

1. c4 {[%clk 1:33:30]}  Nf6 {[%clk 1:40:21]} 2. Nf3 {[%clk 1:33:49]}  e6 {[%clk 1:40:01]} 3. Nc3 {[%clk 1:34:13]}  d5 {[%clk 1:39:36]} 4. d4 {[%clk 1:34:32]}  c5 {[%clk 1:33:18]} 5. cxd5 {[%clk 1:34:46]}  Nxd5 {[%clk 1:33:40]} 6. e4 {[%clk 1:34:48]}  Nxc3 {[%clk 1:33:59]} 7. bxc3 {[%clk 1:35:14]}  cxd4 {[%clk 1:34:11]} 8. cxd4 {[%clk 1:35:36]}  Bb4+ {[%clk 1:34:33]} 9. Bd2 {[%clk 1:36:02]}  Bxd2+ {[%clk 1:34:49]} 10. Qxd2 {[%clk 1:36:28]}  O-O {[%clk 1:35:07]} 11. h4 {[%clk 1:36:38]}  Nc6 {[%clk 1:31:33]} 12. Be2 {[%clk 1:25:18]}  Qa5 {[%clk 1:28:36]} 13. Qxa5 {[%clk 1:25:02]}  Nxa5 {[%clk 1:27:00]} 14. Kd2 {[%clk 1:22:48]}  Rd8 {[%clk 1:14:23]} 15. Ke3 {[%clk 1:22:24]}  Bd7 {[%clk 1:11:33]} 16. Rac1 {[%clk 1:20:37]}  Rac8 {[%clk 1:10:22]} 17. Ne5 {[%clk 1:20:23]}  Ba4 {[%clk 1:09:42]} 18. f4 {[%clk 1:18:55]}  f6 {[%clk 0:54:56]} 19. Nc4 {[%clk 0:58:52]}  Nxc4+ {[%clk 1:00:26]} 20. Bxc4 {[%clk 0:55:46]}  Kf7 {[%clk 1:00:37]} 21. d5 {[%clk 0:55:28]}  Bd7 {[%clk 0:58:01]} 22. Rhd1 {[%clk 0:46:54]}  exd5 {[%clk 0:53:44]} 23. Bxd5+ {[%clk 0:44:54]}  Be6 {[%clk 0:54:06]} 24. Bxb7 {[%clk 0:45:16]}  Rxd1 {[%clk 0:53:45]} 25. Rxd1 {[%clk 0:45:39]}  Rc3+ {[%clk 0:54:05]} 26. Kf2 {[%clk 0:41:27]}  Rc2+ {[%clk 0:52:23]} 27. Kg3 {[%clk 0:41:41]}  Bxa2 {[%clk 0:49:32]} 28. Rd7+ {[%clk 0:42:00]}  Kf8 {[%clk 0:48:58]} 29. Ba6 {[%clk 0:37:59]}  Rc3+ {[%clk 0:42:42]} 30. Kh2 {[%clk 0:38:25]}  Bb1 {[%clk 0:41:36]} 31. Bb7 {[%clk 0:35:51]}  Re3 {[%clk 0:40:57]} 32. Rd4 {[%clk 0:36:15]}  a5 {[%clk 0:37:08]} 33. Kg1 {[%clk 0:32:53]}  Rd3 {[%clk 0:32:30]} 34. Ra4 {[%clk 0:32:43]}  Rd7 {[%clk 0:33:38]} 35. Bd5 {[%clk 0:32:19]}  f5 {[%clk 0:32:10]} 36. Rxa5 {[%clk 0:31:42]}  fxe4 {[%clk 0:30:32]} 37. Kf2 {[%clk 0:32:31]}  Rc7 {[%clk 0:26:47]} 38. Rb5 {[%clk 0:29:40]}  Bd3 {[%clk 0:26:03]} 39. Rb8+ {[%clk 0:29:44]}  Ke7 {[%clk 0:26:02]} 40. Rb7 {[%clk 0:30:09]}  Rxb7 {[%clk 0:22:23]} 41. Bxb7 {[%clk 0:30:37]}  Kf6 {[%clk 0:20:45]} 42. Ke3 {[%clk 0:31:02]}  Kf5 {[%clk 0:20:46]} 43. Bc8+ {[%clk 0:30:34]}  Kf6 {[%clk 0:20:43]} 44. g4 {[%clk 0:30:59]}  h6 {[%clk 0:17:36]} 45. h5 {[%clk 0:29:50]}  Bc2 {[%clk 0:17:43]} 46. Bd7 {[%clk 0:30:16]}  Bd3 {[%clk 0:14:16]} 47. Bf5 {[%clk 0:29:50]}  Bc2 {[%clk 0:13:27]} 48. Bxe4 {[%clk 0:31:04]}  Bb3 {[%clk 0:13:09]} 49. Bf5 {[%clk 0:31:26]}  Bf7 {[%clk 0:13:15]} 50. Ke4 {[%clk 0:31:35]}  Bb3 {[%clk 0:13:37]} 51. Bc8 {[%clk 0:31:25]}  Bd1 {[%clk 0:11:56]} 52. Kd5 {[%clk 0:32:12]}  Bf3+ {[%clk 0:11:55]} 53. Kd6 {[%clk 0:32:38]}  Be2 {[%clk 0:12:02]} 54. Bf5 {[%clk 0:32:52]}  Bf3 {[%clk 0:12:21]} 55. Kc5 {[%clk 0:30:55]}  Be2 {[%clk 0:11:52]} 56. Kd4 {[%clk 0:31:21]}  Bd1 {[%clk 0:12:04]} 57. Ke3 {[%clk 0:31:37]}  Kf7 {[%clk 0:11:54]} 58. Kf2 {[%clk 0:31:48]}  Kf6 {[%clk 0:11:53]} 59. Kg3 {[%clk 0:32:13]}  Bb3 {[%clk 0:10:39]} 60. Kh4 {[%clk 0:32:37]}  Bc4 {[%clk 0:09:08]} 61. Bc2 {[%clk 0:32:54]}  Be2 {[%clk 0:02:41]} 62. Be4 {[%clk 0:33:19]}  Bd1 {[%clk 0:02:58]} 63. Kg3 {[%clk 0:33:45]}  Be2 {[%clk 0:03:06]} 64. Bf3 {[%clk 0:34:12]}  Bd3 {[%clk 0:03:16]} 65. Kh4 {[%clk 0:34:38]}  Bc2 {[%clk 0:02:08]} 66. Kg3 {[%clk 0:34:52]}  Bd3 {[%clk 0:02:28]} 67. Kf2 {[%clk 0:35:19]}  Bc2 {[%clk 0:02:26]} 68. Ke3 {[%clk 0:35:47]}  Bb3 {[%clk 0:02:02]} 69. Kd4 {[%clk 0:36:11]}  Bc2 {[%clk 0:01:47]} 70. Be2 {[%clk 0:36:36]}  Bb3 {[%clk 0:00:42]} 71. Kc5 {[%clk 0:37:01]}  Bc2 {[%clk 0:29:00]} 72. Kd6 {[%clk 1:04:37]}  Be4 {[%clk 0:28:24]} 73. Kd7 {[%clk 1:04:54]}  Kf7 {[%clk 0:28:08]} 74. g5 {[%clk 1:03:27]}  hxg5 {[%clk 0:26:22]} 75. fxg5 {[%clk 1:03:52]}  Bd5 {[%clk 0:16:48]} 76. Kd6 {[%clk 1:03:28]}  Bb3 {[%clk 0:15:38]} 77. Ke5 {[%clk 1:02:52]}  Kg8 {[%clk 0:12:34]} 78. Bg4 {[%clk 1:04:00]}  Bc2 {[%clk 0:09:06]} 79. Be6+ {[%clk 1:04:08]}  Kh8 {[%clk 0:08:44]} 80. Bf7 {[%clk 1:03:23]}  Kh7 {[%clk 0:07:27]} 81. Ke6 {[%clk 1:03:46]}  Bb3+ {[%clk 0:06:58]} 82. Ke7 {[%clk 1:04:10]}  Bc2 {[%clk 0:07:22]} 83. Kf8 {[%clk 1:04:32]}  Bd3 {[%clk 0:07:34]} 84. Bg8+ {[%clk 1:04:20]}  Kh8 {[%clk 0:07:59]} 85. Be6 {[%clk 1:04:36]}  Bg6 {[%clk 0:08:05]} 86. Bg4 {[%clk 1:04:47]}  Kh7 {[%clk 0:08:17]} 87. Ke7 {[%clk 1:04:49]}  Bc2 {[%clk 0:08:31]} 88. Kf7 {[%clk 1:04:54]}  Bb3+ {[%clk 0:08:31]} 89. Be6 {[%clk 1:05:18]}  Bc2 {[%clk 0:08:15]} 90. Kf8 {[%clk 1:05:23]}  Bd3 {[%clk 0:08:18]} 91. Kf7 {[%clk 1:05:28]}  Bc2 {[%clk 0:08:31]} 92. Bg4 {[%clk 1:05:27]}  Bb3+ {[%clk 0:08:26]} 93. Ke7 {[%clk 1:05:49]}  Bc2 {[%clk 0:08:46]} 94. Ke6 {[%clk 1:06:14]}  Bb3+ {[%clk 0:07:45]} 95. Ke5 {[%clk 1:06:40]}  Kh8 {[%clk 0:07:06]} 96. g6 {[%clk 1:06:52]}  Bc2 {[%clk 0:06:53]} 97. Bf5 {[%clk 1:07:18]}  Bd1 {[%clk 0:07:08]} 98. h6 {[%clk 1:07:46]}  Bh5 {[%clk 0:07:29]} 99. h7 {[%clk 1:08:13]}  Bxg6 {[%clk 0:07:52]} 100. Bxg6 {[%clk 1:08:42]} 1/2-1/2

[Event "Masters Tournament (MTO)"]
[Site "Biel, CH"]
[Date "2025.07.18"]
[Round "5"]
[White "Schlegel, Igor"]
[Black "Lilliehook, Victor"]
[Result "1-0"]
[Board "25"]
[WhiteFideId "1334956"]
[BlackFideId "1752103"]
[WhiteTitle "FM"]
[WhiteElo "2275"]
[BlackElo "2074"]
[WhiteTeam "SUI"]
[BlackTeam "SWE"]
[WhiteClock "0:04:39"]
[BlackClock "0:02:20"]
[Variant "Standard"]

1. e4 {[%clk 1:40:57]}  c5 {[%clk 1:40:54]} 2. Nf3 {[%clk 1:41:22]}  Nc6 {[%clk 1:41:19]} 3. Bb5 {[%clk 1:41:42]}  d6 {[%clk 1:41:27]} 4. O-O {[%clk 1:42:02]}  Bd7 {[%clk 1:41:51]} 5. Re1 {[%clk 1:42:26]}  a6 {[%clk 1:42:16]} 6. Bf1 {[%clk 1:42:51]}  Bg4 {[%clk 1:42:38]} 7. c3 {[%clk 1:43:13]}  e6 {[%clk 1:42:48]} 8. h3 {[%clk 1:43:37]}  Bxf3 {[%clk 1:43:09]} 9. Qxf3 {[%clk 1:44:02]}  Nf6 {[%clk 1:43:02]} 10. d3 {[%clk 1:43:41]}  Be7 {[%clk 1:43:22]} 11. Nd2 {[%clk 1:44:03]}  O-O {[%clk 1:43:36]} 12. Qd1 {[%clk 1:39:44]}  b5 {[%clk 1:42:32]} 13. Nf3 {[%clk 1:37:27]}  d5 {[%clk 1:41:32]} 14. e5 {[%clk 1:37:43]}  Nd7 {[%clk 1:37:09]} 15. d4 {[%clk 1:27:55]}  Qb6 {[%clk 1:41:27]} 16. h4 {[%clk 1:24:29]}  b4 {[%clk 1:38:15]} 17. Bg5 {[%clk 1:20:55]}  Bxg5 {[%clk 1:32:08]} 18. hxg5 {[%clk 1:20:41]}  a5 {[%clk 1:31:18]} 19. c4 {[%clk 0:57:06]}  Nxd4 {[%clk 1:19:44]} 20. cxd5 {[%clk 1:04:03]}  exd5 {[%clk 1:19:19]} 21. Nxd4 {[%clk 1:04:27]}  cxd4 {[%clk 1:19:38]} 22. Qg4 {[%clk 1:03:19]}  Qe6 {[%clk 1:15:05]} 23. Qxd4 {[%clk 1:02:07]}  Rfd8 {[%clk 1:14:21]} 24. g3 {[%clk 0:40:27]}  Qf5 {[%clk 0:57:33]} 25. f4 {[%clk 0:24:05]}  Nf8 {[%clk 0:54:07]} 26. Bd3 {[%clk 0:23:11]}  Ne6 {[%clk 0:40:49]} 27. Qe3 {[%clk 0:23:35]}  Qg4 {[%clk 0:40:46]} 28. Kg2 {[%clk 0:22:30]}  g6 {[%clk 0:29:33]} 29. Be2 {[%clk 0:08:58]}  Qf5 {[%clk 0:39:48]} 30. Bd3 {[%clk 0:09:25]}  Qg4 {[%clk 0:40:09]} 31. Rac1 {[%clk 0:07:30]}  d4 {[%clk 0:33:57]} 32. Qe4 {[%clk 0:07:34]}  Ng7 {[%clk 0:34:02]} 33. Qf3 {[%clk 0:05:12]}  Qxf3+ {[%clk 0:33:08]} 34. Kxf3 {[%clk 0:05:41]}  Rac8 {[%clk 0:33:06]} 35. Ba6 {[%clk 0:03:12]}  Ra8 {[%clk 0:32:30]} 36. Bd3 {[%clk 0:00:55]}  Rac8 {[%clk 0:32:47]} 37. Ba6 {[%clk 0:01:20]}  Ra8 {[%clk 0:33:13]} 38. Bf1 {[%clk 0:01:16]}  Ne6 {[%clk 0:32:28]} 39. Bh3 {[%clk 0:00:40]}  d3 {[%clk 0:29:41]} 40. Red1 {[%clk 0:00:56]}  d2 {[%clk 0:14:07]} 41. Rc4 {[%clk 0:01:12]}  Rd3+ {[%clk 0:11:12]} 42. Ke4 {[%clk 0:29:34]}  Rad8 {[%clk 0:40:17]} 43. Bxe6 {[%clk 0:30:00]}  fxe6 {[%clk 0:40:41]} 44. Rc8 {[%clk 0:30:26]}  R3d4+ {[%clk 0:34:36]} 45. Ke3 {[%clk 0:30:21]}  Rxc8 {[%clk 0:34:42]} 46. Kxd4 {[%clk 0:30:43]}  Rc2 {[%clk 0:35:01]} 47. Kd3 {[%clk 0:23:40]}  Rxb2 {[%clk 0:35:19]} 48. Rxd2 {[%clk 0:24:09]}  Rb1 {[%clk 0:34:53]} 49. Kc4 {[%clk 0:24:09]}  a4 {[%clk 0:22:02]} 50. Rd8+ {[%clk 0:23:33]}  Kf7 {[%clk 0:23:25]} 51. Rd7+ {[%clk 0:23:47]}  Kg8 {[%clk 0:23:38]} 52. Rb7 {[%clk 0:21:21]}  Rc1+ {[%clk 0:20:58]} 53. Kd4 {[%clk 0:21:45]}  Rb1 {[%clk 0:17:22]} 54. Kc5 {[%clk 0:20:21]}  b3 {[%clk 0:11:02]} 55. axb3 {[%clk 0:18:27]}  Rxb3 {[%clk 0:05:31]} 56. Ra7 {[%clk 0:21:03]}  Rxg3 {[%clk 0:04:45]} 57. Kd6 {[%clk 0:18:02]}  Rd3+ {[%clk 0:02:55]} 58. Kxe6 {[%clk 0:18:21]}  Rd4 {[%clk 0:03:16]} 59. Ke7 {[%clk 0:09:37]}  Rxf4 {[%clk 0:02:38]} 60. e6 {[%clk 0:09:58]}  Rd4 {[%clk 0:02:19]} 61. Kf6 {[%clk 0:03:02]}  Rf4+ {[%clk 0:02:27]} 62. Ke5 {[%clk 0:03:26]}  Rf5+ {[%clk 0:01:42]} 63. Kd6 {[%clk 0:03:38]}  Rf8 {[%clk 0:00:40]} 64. e7 {[%clk 0:01:01]}  Rb8 {[%clk 0:00:33]} 65. Rxa4 {[%clk 0:01:21]}  Kg7 {[%clk 0:00:31]} 66. Kc7 {[%clk 0:01:41]}  Rh8 {[%clk 0:00:10]} 67. Kd7 {[%clk 0:02:04]}  h6 {[%clk 0:00:54]} 68. gxh6 {[%clk 0:02:12]}  Kh7 {[%clk 0:00:32]} 69. e8=Q {[%clk 0:02:34]}  Rxe8 {[%clk 0:00:58]} 70. Kxe8 {[%clk 0:03:01]}  Kxh6 {[%clk 0:01:20]} 71. Kf7 {[%clk 0:03:26]}  g5 {[%clk 0:01:34]} 72. Kf6 {[%clk 0:03:50]}  Kh5 {[%clk 0:01:58]} 73. Kf5 {[%clk 0:04:16]}  Kh6 {[%clk 0:02:20]} 74. Rg4 {[%clk 0:04:39]} 1-0